000 00591nmm a2200157Ia 4500
008 251105s9999||||xx |||||||||||||||||und||
020 _a9780231156707
041 _aeng
100 _aNewman, Kara
245 4 _aThe Secret Financial Life of Food :
_b From Commodities Markets to Supermarkets
264 _a[Washington, Estados Unidos] :
_bColumbia University Press,
_c[Fecha de publicación no identificada]
300 _a0 pƔginas
490 _aArts and Traditions of the Table: Perspectives on Culinary History
856 _uhttps://public.digitaliapublishing.com/a/74496
942 _cCF
999 _c74441
_d74441